The release /

Bibliographic Details
Main Author: Hewlings, Michael, 1945-
Format: Book
Language:English
Published: London : Anvil Press Poetry; 1972.
Series:Anvil Press poetry booklet ; 3

MARC

Tag First Indicator Second Indicator Subfields
LEADER 00000cam a2200000 4500
001 in00000033412
005 20151007060618.0
008 730613s1972 enk 00010 eng
010 |a  73330805  
015 |a B73-08464 
020 |a 0900977396 (signed ed.) 
020 |a 0900977388 
035 |a (OCoLC)00738122 
035 |9 AAC1277AM 
040 |a DLC  |c DLC  |d TXA  |d UtOrBLW 
049 |a [Wein] TXAM  |c [A11117142] 
050 0 0 |a PR6058.E92  |b R4 
082 0 |a 821/.9/14 
100 1 |a Hewlings, Michael,  |d 1945- 
245 1 4 |a The release /  |c Michael Hewlings. 
264 1 |a London :  |b Anvil Press Poetry;  |c 1972. 
264 2 |a London :  |b Distributed by Routledge and Kegan Paul, 
300 |a 32 pages ;  |c 22 cm. 
336 |a text  |b txt  |2 rdacontent 
337 |a unmediated  |b n  |2 rdamedia 
338 |a volume  |b nc  |2 rdacarrier 
490 0 |a Anvil Press poetry booklet ;  |v 3 
536 |a Poetry browsing collection: gift of Eleanor Weinbaum family. 
999 |a MARS 
999 f f |s 0ebf1adf-f35b-3102-a8bd-8195dba43165  |i 73137a8f-40b2-3615-91fc-a973b8ed6964  |t 0 
952 f f |p ric  |a Texas A&M University  |b Rellis Campus  |c Joint Library Facility  |d Remote Storage  |t 0  |e PR6058.E92 R4  |h Library of Congress classification  |i unmediated -- volume  |m A14811117142 
998 f f |a PR6058.E92 R4  |t 0  |l Remote Storage